000 01021nam a22002057a 4500
999 _c12560
_d12560
003 AR-CdUCM
008 190409b ||||| |||| 00| 0 spa d
040 _aMUNICIPALIDAD PROVINCIAL DEL CUSCO
_cBIBLIOTECA MUNICIPAL DEL CUSCO
082 _a861.08 /
_bC93 / 1960
100 _aCarmelo Saenz de Santa Maria, P.
_930443
245 _aBiblioteca de autores españoles, desde la formación del lenguaje hasta nuestro días :
_bObras completas del Inca Garcilaso de la Vega /
260 _aMadrid :
_bAtlas,
_c1960.
300 _a4 tomos ;
_c25 cm.
505 _aContenido: t.1: Diálogos de amor, relación de la descendencia de Garcia Perez -- t.2: los comentarios reales de los incas -- t.3: la conquista del Perú, la segunda parte de los comentarios reales de los incas -- la segunda parte de los comentarios reales, historia indica por S. de Gamboa.
650 _aGarcilaso de la Vega.
_961
650 _aComentarios reales.
_9299
650 _aLeon Hebreo.
_930444
942 _2ddc
_cLIBROS
945 _awfj
_d2019-04-09